World trade war

Zapisane w:
Opis bibliograficzny
1. autor: Woronoff, Jon
Format: Książka
Język:Undetermined
Wydane: Tokyo, Japan Lotus Press 1983
Hasła przedmiotowe:
Etykiety: Dodaj etykietę
Nie ma etykietki, Dołącz pierwszą etykiete!
Thư viện lưu trữ: Trung tâm Học liệu Trường Đại học Cần Thơ
LEADER 00548nam a2200193Ia 4500
001 CTU_97137
008 210402s9999 xx 000 0 und d
082 |a 382 
082 |b W929 
100 |a Woronoff, Jon 
245 0 |a World trade war 
245 0 |c Jon Woronoff 
260 |a Tokyo, Japan 
260 |b Lotus Press 
260 |c 1983 
650 |a International economic relations,Competition, international,Japan 
650 |x International economic relations 
904 |i M.Loan 
980 |a Trung tâm Học liệu Trường Đại học Cần Thơ